Judges : (Record no. 9771)
[ view plain ]
| 000 -LEADER | |
|---|---|
| fixed length control field | 00602nam a22001937a 4500 |
| 003 - CONTROL NUMBER IDENTIFIER | |
| control field | GBCCL |
| 005 - DATE AND TIME OF LATEST TRANSACTION | |
| control field | 20241126110718.0 |
| 008 - FIXED-LENGTH DATA ELEMENTS--GENERAL INFORMATION | |
| fixed length control field | 230713b ||||| |||| 00| 0 eng d |
| 020 ## - INTERNATIONAL STANDARD BOOK NUMBER | |
| International Standard Book Number | 9780310942214 |
| 040 ## - CATALOGING SOURCE | |
| Transcribing agency | gbc |
| 082 ## - DEWEY DECIMAL CLASSIFICATION NUMBER | |
| Classification number | 221.77 |
| Item number | ZON |
| 100 ## - MAIN ENTRY--PERSONAL NAME | |
| Relationship | Block, Daniel I |
| 245 ## - TITLE STATEMENT | |
| Title | Judges : |
| Remainder of title | a discourse analysis of the Hebrew Bible / |
| Statement of responsibility, etc. | Mark J Boda, Mark L Conway |
| 260 ## - PUBLICATION, DISTRIBUTION, ETC. | |
| Place of publication, distribution, etc. | Grand Rapids : |
| Name of publisher, distributor, etc. | ZOndervan academic, |
| Date of publication, distribution, etc. | 2022 |
| 300 ## - PHYSICAL DESCRIPTION | |
| Extent | 904p |
| 440 ## - SERIES STATEMENT/ADDED ENTRY--TITLE | |
| Title | Zondervan exegetical commentary on the Old Testament ; |
| Volume/sequential designation | v.7 |
| 9 (RLIN) | 16983 |
| 650 ## - SUBJECT ADDED ENTRY--TOPICAL TERM | |
| Topical term or geographic name entry element | Bible |
| Form subdivision | Judges |
| General subdivision | commentaries |
| 9 (RLIN) | 16984 |
| 942 ## - ADDED ENTRY ELEMENTS (KOHA) | |
| Source of classification or shelving scheme | Dewey Decimal Classification |
| Koha item type | Reference Books |
| Withdrawn status | Lost status | Source of classification or shelving scheme | Damaged status | Not for loan | Home library | Current Library | Shelving location | Date acquired | Total checkouts | Full call number | Barcode | Date last seen | Copy number | Price effective from | Koha item type |
|---|---|---|---|---|---|---|---|---|---|---|---|---|---|---|---|
| Dewey Decimal Classification | GRACE BIBLE COLLEGE | GRACE BIBLE COLLEGE | Commentary | 2023-07-14 | 221.77 ZON | 016364 | 2025-05-01 | v.7 | 2023-07-14 | Reference Books |